Представление документа в формате RUSMARC

ПолеНазваниеЗначение
  Тип записи i
  Библиографический уровень m
001 Контрольный номер e1c1362c438c4f9496bee60d2bb05e2d
005 Дата корректировки 20260513161251.8
010 Индекс ISBN __
a ISBN (В кор.)
d Цена 325-00
100 Данные общей обработки __
a Данные общей обработки 19190621p20131966||| 0rusy0189 ca
101 Язык документа 0_
a Язык текста rus
102 Страна публикации __
a Страна публикации ru
102 Страна публикации __
a Страна публикации RU
105 Кодированные данные (монография) __
a Кодированные данные (монография) |||||||||||zy
127 Кодированные данные (звукозаписи-физические характеристики) __
a Продолжительность проигрывания 004600
200 Заглавие и сведения об ответственности 1_
a Заглавие Та сторона, где ветер
f Первые сведения об ответственности В. Крапивин ; режиссер Надежда Киселева, композитор Эмиль Олах ; в ролях: Николай Литвинов [и др.]
b Общее обозначение материала Звукозапись
210 Выходные данные 1_
a Место издания Москва
c Издательство Звуковая книга
c Издательство Гостелерадиофонд
d Дата издания 2013
215 Физическое описание __
a Объем 1 электрон. опт. диск (CD-DA)
c Иллюстрации/тип воспроизводства mp3
d Формат 12 см
225 Серия 2_
a Серия Звуковая книга
225 Серия 2_
a Серия Радиоспектакль
225 Серия 2_
a Серия Коллекция радиоспектаклей Гостелерадиофонда
v Обозначение тома диск № 10
225 Серия 2_
a Серия Радиоспектакль ГТРФ
230 Специфическая характеристика материала: электронные ресурсы __
a Обозначение и объем ресурса Электронные звуковые данные
300 Общие примечания __
a Общие примечания Запись 1966 г.
300 Общие примечания __
a Общие примечания Заглавие с этикетки диска
330 Аннотация __
a Аннотация Почему произведения Крапивина так любят дети? Потому что он видит и уважает в ребенке "взрослого" человека, с особым вниманием относится к внутреннему миру мальчишек и девчонок. Вот и спектакль "Та сторона, где ветер" о крепкой дружбе, о большой Мечте (которая обязательно сбудется), о радостях большого мира Детства.
333 Примечание о целевом назначении __
a Примечание о целевом назначении 0+
606 Тематические рубрики __
a Основная рубрика Музыка и зрелищные искусства
606 Тематические рубрики __
a Основная рубрика Художественное радиовещание
606 Тематические рубрики __
a Основная рубрика Художественная литература
606 Тематические рубрики __
a Основная рубрика Русская литература XX в. (произведения)
610 Ключевые слова 0_
a Ключевые слова радиоспектакли
610 Ключевые слова 0_
a Ключевые слова повести
610 Ключевые слова 0_
a Ключевые слова детская литература
610 Ключевые слова 0_
a Ключевые слова драматургия
610 Ключевые слова 0_
a Ключевые слова повести для детей
610 Ключевые слова 0_
a Ключевые слова повести о детях
610 Ключевые слова 0_
a Ключевые слова тема дружбы
610 Ключевые слова 0_
a Ключевые слова тема друзей
610 Ключевые слова 0_
a Ключевые слова тема мальчиков
610 Ключевые слова 0_
a Ключевые слова тема приключений
686 Индексы других классификаций __
2 Код системы rubbks
a Классификационный индекс ст85.38я04
686 Индексы других классификаций __
2 Код системы rubbks
a Классификационный индекс ст84(2=411.2)6-4я0
700 Автор _1
a Фамилия Крапивин
b Имя В. П.
f Даты 1938-
g Полное личное имя Владислав Петрович
4 Код отношения 070
702 Вторичная интеллектуальная ответственность _1
a Фамилия Киселева
b Имя Н. И.
4 Код отношения Режиссер
g Полное личное имя Надежда Ивановна
4 Код отношения 070
702 Вторичная интеллектуальная ответственность _1
a Фамилия Олах
b Имя Э.
4 Код отношения Композитор
g Полное личное имя Эмиль
4 Код отношения 230
702 Вторичная интеллектуальная ответственность _1
a Фамилия Литвинов
b Имя Н. В.
4 Код отношения Прочие
f Даты 1907-1987
g Полное личное имя Николай Владимирович
4 Код отношения 570
702 Вторичная интеллектуальная ответственность _1
a Фамилия Ивановна
b Имя З. Б.
4 Код отношения Прочие
f Даты 1941-
g Полное личное имя Захарова Бронислава
4 Код отношения 570
702 Вторичная интеллектуальная ответственность _1
a Фамилия Шапошникова
b Имя Л. В.
4 Код отношения Прочие
f Даты 1921-2003
g Полное личное имя Людмила Викторовна
4 Код отношения 570
702 Вторичная интеллектуальная ответственность _1
a Фамилия Морозов
b Имя А. А.
4 Код отношения Прочие
f Даты 1973-
g Полное личное имя Александр Алексеевич
4 Код отношения 570
702 Вторичная интеллектуальная ответственность _1
a Фамилия Потоцкая
b Имя И. А.
4 Код отношения Прочие
f Даты 1916-2009
g Полное личное имя Ирина Александровна
4 Код отношения 570
702 Вторичная интеллектуальная ответственность _1
a Фамилия Потоцкая
b Имя И. А.
4 Код отношения Прочие
f Даты 1916-2009
g Полное личное имя Ирина Александровна
4 Код отношения 570
702 Вторичная интеллектуальная ответственность _1
a Фамилия Цейц
b Имя С. С.
4 Код отношения Прочие
f Даты 1918-1994
g Полное личное имя Сергей Сергеевич
4 Код отношения 570
711 Наименование организации. (Альтернативная ответственность) 02
a Организация/ юрисдикция Государственный фонд телевизионных и радиопрограмм
801 Источник записи _2
a Страна ru
b Организация Муниципальное бюджетное учреждение культуры "Централизованная библиотечная система" г. Сургут (Центральная городская библиотека им. А. С. Пушкина)
c Дата составления 20190621
852 Данные о местонахождении __
j Шифр хранения ст85.38я04
i Авторский знак К 77
901 Тип документа __
a Ответственный КиК/Мамарузиева
t Тип документа 0
903 Характеристики (МАРС) __
a Дата передачи 20190621
969 Тип издания __
a Тип издания аудиоспектакль
a Тип издания издание для слепых
a Тип издания издание для детей
990 Данные о заказе (DOS) __
j Количество экземпляров (DOS) 1
t N записи в КСУ для И/У (DOS) 201906